UBT Library

Understanding non-Western philosophy : (Record no. 40574)

000 -LEADER
fixed length control field 00748pam a2200229 a 4500
001 - CONTROL NUMBER
control field 3924801
005 - DATE AND TIME OF LATEST TRANSACTION
control field 20180119070706.0
008 - FIXED-LENGTH DATA ELEMENTS--GENERAL INFORMATION
fixed length control field 921020s1993 caub b 001 0 eng
010 ## - LIBRARY OF CONGRESS CONTROL NUMBER
LC control number 92039700
020 ## - INTERNATIONAL STANDARD BOOK NUMBER
International Standard Book Number 1559340770 (pbk.)
040 ## - CATALOGING SOURCE
Original cataloging agency DLC
Transcribing agency DLC
Modifying agency DLC
041 ## - LANGUAGE CODE
Language code of text/sound track or separate title eng
080 ## - UNIVERSAL DECIMAL CLASSIFICATION NUMBER
Universal Decimal Classification number 181
082 00 - DEWEY DECIMAL CLASSIFICATION NUMBER
Classification number 181 BON
Edition number 20
100 ## - Rafti
Rafti 24
101 ## - Shkurtesa
Shkurtesa FIL
245 00 - TITLE STATEMENT
Title Understanding non-Western philosophy :
Statement of responsibility, etc edited by Daniel Bonevac, Stephen Phillips.
504 ## - BIBLIOGRAPHY, ETC. NOTE
Bibliography, etc Includes biblliographical references and index.
906 ## - LOCAL DATA ELEMENT F, LDF (RLIN)
a 7
b cbc
c orignew
d 1
e ocip
f 19
g y-gencatlg
942 ## - ADDED ENTRY ELEMENTS (KOHA)
Source of classification or shelving scheme
Item type Books
Holdings
Withdrawn status Lost status Source of classification or shelving scheme Damaged status Not for loan Collection code Permanent location Current location Shelving location Date acquired Total Checkouts Full call number Barcode Date last seen Price effective from Koha item type
          Koleksioni i përgjithshem UBT - Lipjan UBT - Lipjan Koleksioni i përgjithshem 01/19/2018   181 BON 002-2995923 02/07/2018 01/19/2018 Books
          Koleksioni i përgjithshem UBT - Lipjan UBT - Lipjan Koleksioni i përgjithshem 02/07/2018   181 BON 002-2998977 02/07/2018 02/07/2018 Books
          Koleksioni i përgjithshem UBT - Lipjan UBT - Lipjan Koleksioni i përgjithshem 02/07/2018   181 BON 002-2998972 02/07/2018 02/07/2018 Books
          Koleksioni i përgjithshem UBT - Lipjan UBT - Lipjan Koleksioni i përgjithshem 02/07/2018   181 BON 002-2998967 02/07/2018 02/07/2018 Books
          Koleksioni i përgjithshem UBT - Lipjan UBT - Lipjan Koleksioni i përgjithshem 02/07/2018   181 BON 002-2998962 02/07/2018 02/07/2018 Books
          Koleksioni i përgjithshem UBT - Lipjan UBT - Lipjan Koleksioni i përgjithshem 02/07/2018   181 BON 002-2998957 02/07/2018 02/07/2018 Books
          Koleksioni i përgjithshem UBT - Lipjan UBT - Lipjan Koleksioni i përgjithshem 02/07/2018   181 BON 002-2998952 02/07/2018 02/07/2018 Books
          Koleksioni i përgjithshem UBT - Lipjan UBT - Lipjan Koleksioni i përgjithshem 02/07/2018   181 BON 002-2998947 02/07/2018 02/07/2018 Books
          Koleksioni i përgjithshem UBT - Lipjan UBT - Lipjan Koleksioni i përgjithshem 02/07/2018   181 BON 002-2998942 02/07/2018 02/07/2018 Books
          Koleksioni i përgjithshem UBT - Lipjan UBT - Lipjan Koleksioni i përgjithshem 02/07/2018   181 BON 002-2998943 02/07/2018 02/07/2018 Books
          Koleksioni i përgjithshem UBT - Lipjan UBT - Lipjan Koleksioni i përgjithshem 02/07/2018   181 BON 002-2998948 02/07/2018 02/07/2018 Books
          Koleksioni i përgjithshem UBT - Lipjan UBT - Lipjan Koleksioni i përgjithshem 02/07/2018   181 BON 002-2998953 02/07/2018 02/07/2018 Books
UBT Library © 2015-2024. All rights reserved University Education for Business and Technology